<?xml version="1.0" encoding="UTF-8"?>
<collection xmlns:xsi="http://www.w3.org/2001/XMLSchema-instance" xsi:schemaLocation="http://www.loc.gov/MARC21/slim http://www.loc.gov/standards/marcxml/schema/MARC21slim.xsd" xmlns="http://www.loc.gov/MARC21/slim">
 <record>
  <leader>00000ctm a22000004a 4500</leader>
  <controlfield tag="001">UP-8027390931314087184</controlfield>
  <controlfield tag="003">Buklod</controlfield>
  <controlfield tag="005">20211209102017.0</controlfield>
  <controlfield tag="006">m    |o  d |      </controlfield>
  <controlfield tag="007">ta</controlfield>
  <controlfield tag="008">211209s        xx     d     r    |||| u|</controlfield>
  <datafield tag="035" ind1=" " ind2=" ">
   <subfield code="a">(iLib)UPVIS-00107218887</subfield>
  </datafield>
  <datafield tag="037" ind1=" " ind2=" ">
   <subfield code="a">Gift</subfield>
  </datafield>
  <datafield tag="040" ind1=" " ind2=" ">
   <subfield code="a">upv-gl</subfield>
  </datafield>
  <datafield tag="041" ind1=" " ind2=" ">
   <subfield code="a">eng</subfield>
  </datafield>
  <datafield tag="090" ind1=" " ind2="0">
   <subfield code="a">LG 995 1984 F5 B35</subfield>
  </datafield>
  <datafield tag="100" ind1="1" ind2=" ">
   <subfield code="a">Baltazar, Gonchio Que</subfield>
  </datafield>
  <datafield tag="245" ind1="1" ind2="0">
   <subfield code="a">Growth rates of Eucheuma cottonii and Eucheuma spinosum in the occasionally exposed and fully submerged environments</subfield>
   <subfield code="c">by Gonchio Q. Baltazar.</subfield>
  </datafield>
  <datafield tag="264" ind1=" " ind2="1">
   <subfield code="a">1984.</subfield>
  </datafield>
  <datafield tag="300" ind1=" " ind2=" ">
   <subfield code="a">xi, 84 leaves.</subfield>
  </datafield>
  <datafield tag="500" ind1=" " ind2=" ">
   <subfield code="a">Thesis (M.S. Fisheries - Aquaculture). -- [Iloilo City] : University of the Philippines System, May 1984.</subfield>
  </datafield>
  <datafield tag="520" ind1="3" ind2=" ">
   <subfield code="a">A study to test the effect of occasionally and fully submerged environments and three water depths (5,10 and 15 cm) on the growth of E. cottonii and E. spinosum was conducted at Tawi-Tawi, Philippines from December, 1983 to March, 1984 in a randomized Complete Block Design. The seedlings of both species with an initial weight of 110 g. per seedling were tied to monofilament nylon string and planted at desired distances by trying the ends of the nylon string to the wooden stakes fixed earlier. The results indicate that both environments had comparable soil and water properties except the water depth which was deeper in the fully submerged environment. The organic matter content in fully submerged environment was also higher than the other. The soils of both environment had high levels of potassium. The growth of E. cottonii in terms of length of sub thalli, sub-sub thalli, their number and weight per plant was higher than E. spinosum. The growth of both species in terms of same components listed above was also higher in fully submerged environment than occasionally exposed environment. The effect of planting distance on the growth of the two species in both environments was insignificant. The profuse growth of other seaweeds and aquatic plants negatively affected the growth of both species in the latter environment. There was no growth of weeds in fully submerged environment. In general, the growth of E. spinosum because of its fragile nature and susceptibility to adverse conditions such as strong waves was poorer than E. cottonii. The growth of both species ceased after two months of culture period.</subfield>
  </datafield>
  <datafield tag="650" ind1="1" ind2="0">
   <subfield code="a">Eucheuma cottonii.</subfield>
  </datafield>
  <datafield tag="650" ind1="1" ind2="0">
   <subfield code="a">Eucheuma spinosum.</subfield>
  </datafield>
  <datafield tag="650" ind1="1" ind2="0">
   <subfield code="a">Algae.</subfield>
  </datafield>
  <datafield tag="650" ind1="1" ind2="0">
   <subfield code="a">Marine algae.</subfield>
  </datafield>
  <datafield tag="720" ind1=" " ind2=" ">
   <subfield code="a">Singh, Virendra, Ph.D.</subfield>
   <subfield code="e">Adviser.</subfield>
  </datafield>
  <datafield tag="852" ind1="0" ind2=" ">
   <subfield code="a">UPVIS</subfield>
   <subfield code="b">UPV-GL</subfield>
   <subfield code="h">LG 995 1984 F5 B35</subfield>
  </datafield>
  <datafield tag="942" ind1=" " ind2=" ">
   <subfield code="a">Thesis</subfield>
  </datafield>
 </record>
</collection>
